Political economy

Tallennettuna:
Bibliografiset tiedot
Päätekijä: Lange, Oskar
Aineistotyyppi: Kirja
Kieli:Undetermined
Julkaistu: New York The MacMillan Company 1963
Aiheet:
Tagit: Lisää tagi
Ei tageja, Lisää ensimmäinen tagi!
Thư viện lưu trữ: Trung tâm Học liệu Trường Đại học Cần Thơ
LEADER 00485nam a2200181Ia 4500
001 CTU_81774
008 210402s9999 xx 000 0 und d
082 |a 338.9 
082 |b L274 
100 |a Lange, Oskar 
245 0 |a Political economy 
245 0 |c Oskar Lange 
260 |a New York 
260 |b The MacMillan Company 
260 |c 1963 
650 |a Economic development,Economic policy 
904 |i Trọng Hải 
980 |a Trung tâm Học liệu Trường Đại học Cần Thơ